| 000 | 00498nam a2200193 a 4500 | ||
|---|---|---|---|
| 005 | 20240806063757.0 | ||
| 008 | 991125s1993 mx 000 0 spa u | ||
| 020 | _a9683909701 | ||
| 035 | _aUPN01000004642 | ||
| 049 | _aF | ||
| 050 | 4 |
_aPQ7797 B635 _bA77 |
|
| 100 | 1 |
_aBorges, Jorge Luis, _d1899-1986 |
|
| 245 | 1 | 0 |
_aArtificios / _cJorge Luis Borges. |
| 260 |
_aMéxico : _bAlianza, _c1993. |
||
| 300 | _a89 p. | ||
| 440 | 0 | _aAlianza cien | |
| 650 | 4 |
_aCuentos argentinos _912203 |
|
| 905 | _aLibro | ||
| 999 |
_c4642 _d4642 |
||